Managing organizational behavior (Record no. 82560)

MARC details
000 -LEADER
fixed length control field 00953nam a2200217 a 4500
008 - FIXED-LENGTH DATA ELEMENTS--GENERAL INFORMATION
fixed length control field 080109s1980 ||||||||||||||||| || u
020 ## - INTERNATIONAL STANDARD BOOK NUMBER
International Standard Book Number 0256022372
050 ## - LIBRARY OF CONGRESS CALL NUMBER
Classification number HD 38 Gib
100 ## - MAIN ENTRY--PERSONAL NAME
Personal name Gibson, Chyrus F
245 10 - TITLE STATEMENT
Title Managing organizational behavior
246 ## -
-- achieving results through understanding and action
260 ## - PUBLICATION, DISTRIBUTION, ETC.
Place of publication, distribution, etc. Homewood, Ill. :
Name of publisher, distributor, etc. Richard D. Irwin
Date of publication, distribution, etc. 1980
300 ## - PHYSICAL DESCRIPTION
Extent xvi, 668p. : ill.
350 ## -
-- 0.00
490 ## -
-- Irwin series in management and the behavioral sciences
500 ## - GENERAL NOTE
General note Includes index. -Bibliography: p. 656-662.
650 #0 - SUBJECT ADDED ENTRY--TOPICAL TERM
Topical term or geographic name entry element MANAGEMENT
650 ## - SUBJECT ADDED ENTRY--TOPICAL TERM
Topical term or geographic name entry element Organizational behavior--Management
995 ## -
-- MAIN LIBRARY OPEN ACCESS
-- 0.00
-- 713048
-- CBU-MAIN LIBRARY (Kitwe)
-- 2
-- 27.95
-- HD 38 Gib
-- 2
-- AVAILABLE
-- 003405
-- Main Library Open Access Collection
995 ## -
-- MAIN LIBRARY OPEN ACCESS
-- 0.00
-- 713049
-- CBU-MAIN LIBRARY (Kitwe)
-- 1
-- 27.95
-- HD 38 Gib
-- 1
-- AVAILABLE
-- 000458
-- Main Library Open Access Collection
999 ## -
-- 82560
-- 82560
Holdings
Withdrawn status Lost status Source of classification or shelving scheme Damaged status Not for loan Permanent Location Current Location Shelving location Date acquired Total Checkouts Full call number Barcode Date last seen Copy number Price effective from Koha item type
          CBU-MAIN LIBRARY, KITWE. CBU-MAIN LIBRARY, KITWE.   09/29/2023   HD 38 Gib 003405 09/29/2023 1 09/29/2023 MONOGRAPH
          CBU-MAIN LIBRARY, KITWE. CBU-MAIN LIBRARY, KITWE.   09/29/2023   HD 38 Gib 000458 09/29/2023 2 09/29/2023 MONOGRAPH